Tony Best Musical Nominees 1990-1999 Quiz Stats

Quiz not verified by Sporcle

Also try: Fictional Races
Challenge
Share
Tweet
Embed
Score 0/38 Timer 10:00
0 Plays Today
Year Musical % Correct
1996RENT
93.9%
1998THE LION KING
90.5%
1994Beauty and the Beast
76.4%
1994PASSION
75%
1997TITANIC
74.3%
1995SUNSET BOULEVARD
73.6%
1999FOSSE
72.3%
1998Ragtime
71.6%
1990CITY OF ANGELS
70.9%
1991THE WILL ROGERS FOLLIES
70.9%
1992CRAZY FOR YOU
68.9%
1993KISS OF THE SPIDER WOMAN
68.9%
1991Miss Saigon
65.5%
1995Smokey Joe's Cafe
64.9%
1999Parade
64.9%
1996Bring in 'da Noise, Bring in 'da Funk
60.8%
1991The Secret Garden
60.1%
1991Once on This Island
58.1%
1990Grand Hotel
57.4%
Year Musical % Correct
1998Side Show
55.4%
1993The Who's Tommy
54.7%
1997Steel Pier
54.7%
1997The Life
52.7%
1999The Civil War
51.4%
1992Falsettos
48.6%
1990Aspects of Love
48%
1998The Scarlet Pimpernel
42.6%
1992Jelly's Last Jam
41.9%
1990Meet Me in St. Louis
33.8%
1994A Grand Night for Singing
31.1%
1993Blood Brothers
29.7%
1999It Ain't Nothin' but the Blues
27%
1996Swinging on a Star
23.6%
1993The Goodbye Girl
23%
1996Chronicle of a Death Foretold
20.3%
1992Five Guys Named Moe
19.6%
1997Juan Darien
16.2%
1994Cyrano: The Musical
10.8%

You're not logged in!

Compare scores with friends on all Sporcle quizzes.
Sign Up with Email
OR
Log In

You Might Also Like...

Show Comments

Extras

Top Quizzes Today


Score Distribution

Your Account Isn't Verified!

In order to create a playlist on Sporcle, you need to verify the email address you used during registration. Go to your Sporcle Settings to finish the process.

Report this User

Report this user for behavior that violates our Community Guidelines.

Details: